00846naa a22002297a 4500001001000000003000900010005001700019007000300036008003400039040005400073041000900127072002100136100001500157111007400172245008400246260003600330500010400366650002300470650001000493650001200503773010100515BR7405005BR-BrBNA20240918173556.0ta230509b bl.||||| |||| 00| 0 por d aBR-BrBNAbporcBiblioteca Nacional de Agricultura a(Es) aK10b/GZ73bG5341 aKroger, M.1 a2. Congresso Florestal BrasileirocCuritiba, PR (Brazil)d17 Sep 19731 aSituacion del arbol en la pradera uruguaya [Producao florestal, Prado, Uruguai]3 aCuritiba, PR (Brasil): c1974.  aAnais do 2. Congresso Florestal Brasileiro Curitiba, PR (Brasil): 1974. p. 57-77 (BR7405005-AM)K10  aPRODUCAO FLORESTAL aPRADO aURUGUAI0 tAnais do 2. Congresso Florestal BrasileirowK10 BR7405005gCuritiba, PR (Brasil), 1974. p. 57-77